<?xml version="1.0" encoding="UTF-8"?>
<record
    xmlns:xsi="http://www.w3.org/2001/XMLSchema-instance"
    xsi:schemaLocation="http://www.loc.gov/MARC21/slim http://www.loc.gov/standards/marcxml/schema/MARC21slim.xsd"
    xmlns="http://www.loc.gov/MARC21/slim">

  <leader>01193nam1a22003011i 4500</leader>
  <controlfield tag="001">rc\2142440</controlfield>
  <controlfield tag="005">20240726015128.0</controlfield>
  <datafield tag="035" ind1=" " ind2=" ">
    <subfield code="a">(NLR Aleph) 006702208</subfield>
  </datafield>
  <datafield tag="090" ind1=" " ind2=" ">
    <subfield code="a">5255925</subfield>
    <subfield code="c">5255925</subfield>
  </datafield>
  <datafield tag="100" ind1=" " ind2=" ">
    <subfield code="a">20110829g1978    |||y0rusy50      ca</subfield>
  </datafield>
  <datafield tag="101" ind1="1" ind2=" ">
    <subfield code="a">rus</subfield>
    <subfield code="c">por</subfield>
  </datafield>
  <datafield tag="102" ind1=" " ind2=" ">
    <subfield code="a">RU</subfield>
  </datafield>
  <datafield tag="105" ind1=" " ind2=" ">
    <subfield code="a">y   z   |||h|</subfield>
  </datafield>
  <datafield tag="200" ind1="1" ind2=" ">
    <subfield code="a">&#x41F;&#x43E;&#x440;&#x442;&#x443;&#x433;&#x430;&#x43B;&#x438;&#x44F;: &#x440;&#x435;&#x432;&#x43E;&#x43B;&#x44E;&#x446;&#x438;&#x44F; &#x43D;&#x430; &#x43C;&#x430;&#x440;&#x448;&#x435;</subfield>
    <subfield code="e">&#x420;&#x435;&#x447;&#x438; &#x438; &#x432;&#x44B;&#x441;&#x442;&#x443;&#x43F;&#x43B;&#x435;&#x43D;&#x438;&#x44F; 1974-1975 &#x433;&#x433;.</subfield>
    <subfield code="e">[&#x41F;&#x435;&#x440;. &#x441; &#x43F;&#x43E;&#x440;&#x442;&#x443;&#x433;.]</subfield>
    <subfield code="f">[&#x41F;&#x440;&#x435;&#x434;&#x438;&#x441;&#x43B;. &#x411;. &#x41B;&#x438;&#x445;&#x430;&#x447;&#x435;&#x432;&#x430;]</subfield>
  </datafield>
  <datafield tag="210" ind1=" " ind2=" ">
    <subfield code="a">&#x41C;&#x43E;&#x441;&#x43A;&#x432;&#x430;</subfield>
    <subfield code="c">&#x41F;&#x440;&#x43E;&#x433;&#x440;&#x435;&#x441;&#x441;</subfield>
    <subfield code="d">1978-</subfield>
  </datafield>
  <datafield tag="215" ind1=" " ind2=" ">
    <subfield code="d">20</subfield>
  </datafield>
  <datafield tag="311" ind1=" " ind2=" ">
    <subfield code="a">&#x41F;&#x435;&#x440;&#x435;&#x432;&#x43E;&#x434; &#x438;&#x437;&#x434;.: Discursos politicos / Alvaro Cunhal. C Avantel, 1975</subfield>
  </datafield>
  <datafield tag="454" ind1=" " ind2="0">
    <subfield code="1">2001#$aDiscursos politicos$fAlvaro Cunhal</subfield>
    <subfield code="1">700#1$aCunhal$bA.$gAlvaro</subfield>
    <subfield code="t">Discursos politicos</subfield>
    <subfield code="a">Cunhal, Alvaro</subfield>
  </datafield>
  <datafield tag="606" ind1=" " ind2=" ">
    <subfield code="a">&#x41F;&#x43E;&#x440;&#x442;&#x443;&#x433;&#x430;&#x43B;&#x438;&#x44F;</subfield>
    <subfield code="z">20 &#x432;</subfield>
    <subfield code="2">psbo</subfield>
  </datafield>
  <datafield tag="606" ind1=" " ind2=" ">
    <subfield code="a">&#x41F;&#x43E;&#x440;&#x442;&#x443;&#x433;&#x430;&#x43B;&#x44C;&#x441;&#x43A;&#x430;&#x44F; &#x43A;&#x43E;&#x43C;&#x43C;&#x443;&#x43D;&#x438;&#x441;&#x442;&#x438;&#x447;&#x435;&#x441;&#x43A;&#x430;&#x44F; &#x43F;&#x430;&#x440;&#x442;&#x438;&#x44F;</subfield>
    <subfield code="2">psbo</subfield>
  </datafield>
  <datafield tag="700" ind1=" " ind2="1">
    <subfield code="a">&#x41A;&#x443;&#x43D;&#x44C;&#x44F;&#x43B;</subfield>
    <subfield code="b">&#x410;.</subfield>
    <subfield code="f">1913-</subfield>
    <subfield code="g">&#x410;&#x43B;&#x432;&#x430;&#x440;&#x43E;</subfield>
  </datafield>
  <datafield tag="702" ind1=" " ind2="1">
    <subfield code="a">&#x41B;&#x438;&#x445;&#x430;&#x447;&#x435;&#x432;</subfield>
    <subfield code="b">&#x411;.</subfield>
    <subfield code="4">080</subfield>
  </datafield>
  <datafield tag="801" ind1=" " ind2="0">
    <subfield code="a">RU</subfield>
    <subfield code="b">NLR</subfield>
    <subfield code="g">psbo</subfield>
  </datafield>
  <datafield tag="801" ind1=" " ind2="1">
    <subfield code="a">RU</subfield>
    <subfield code="b">ELAR</subfield>
    <subfield code="2">rusmarc</subfield>
  </datafield>
  <datafield tag="852" ind1=" " ind2=" ">
    <subfield code="a">NLR</subfield>
    <subfield code="j">78-3/6080</subfield>
  </datafield>
  <datafield tag="899" ind1=" " ind2=" ">
    <subfield code="a">RuMoRGB</subfield>
    <subfield code="j">&#x411; 78-14/118</subfield>
  </datafield>
  <datafield tag="899" ind1=" " ind2=" ">
    <subfield code="a">RuMoRGB</subfield>
    <subfield code="j">&#x411; 78-14/120</subfield>
  </datafield>
  <datafield tag="942" ind1=" " ind2=" ">
    <subfield code="c">BOOK</subfield>
  </datafield>
</record>
